Statistics for Ciudades Más Grandes en America Central con un Mapa

Click here to take the quiz!

General Stats

  • This quiz has been taken 56 times
  • The average score is 7 of 11

Answer Stats

Población Ciudades % Correct
881 milCiudad de Panama
98%
2.561 milManagua
96%
4.704 milCiudad de Guatemala
94%
2.159 milSan Jose
94%
1.767 milSan Salvador
94%
1.446 milTegucigalpa
90%
1.127 milSan Pedro Sula
40%
390 milLeon
30%
661 milQuetzaltenango
22%
310 milEl Progreso
14%
429 milJinotega
8%

Score Distribution

Percentile by Number Answered

Percent of People with Each Score

Your Score History

You have not taken this quiz